000 00646nam a2200241 a 4500
999 _c5404
_d5404
001 5404
003 BD-JhCC
005 20180206094333.0
008 171213s n a|||| |||| 00| 0 eng d
035 _a(BD-JhCC)
040 _aBD-JhCC
_dBD-JhCC
041 _aeng
082 _a511
_bBRU
100 _a J. Brueckner, Leo
245 _aMaking Number Discoveries /
_cLeo J. Brueckner :L. Merton , E. grossnickle
260 _aNew York :
_bRinehart and winston,
300 _a346 p. :
_bill. ;
_c24cm.
650 _aGeneral Mathematics
700 _aJ. Brueckner, Leo
700 _aL. Merton,
700 _aE. grossnickle,
942 _2ddc
_cBK